00436nam a2200145 i 4500001000300000100001700003245007200020260001900092700001600111040000800127041000800135080000800143008004100151856009800192bg1 aCHALANAJ, A. 0aKacestvennaja teorija impulsnych sistem /cA. Chalanaj, D. Veksler. aMoskva,c1971.1 aVEKSLER, D. cBPK apol a517 s pl f |000 0 pol  uhttp://koha.tu.koszalin.pl/cgi-bin/koha/opac-detail.pl?biblionumber=14144yKatalog online BPK